Counties of Washington at Statehood - Statistics

General Stats
  • This quiz has been taken 227 times
  • The average score is 20 of 34
Answers on the Map
Answers color-coded by a green-red scale on the quiz's map according to % correct below.
 
Answer Stats
County % Correct
King
84%
Spokane
82%
Yakima
74%
Walla Walla
72%
Island
70%
Pierce
70%
San Juan
70%
Jefferson
68%
Snohomish
68%
Pacific
67%
Clarke
66%
Adams
65%
Lewis
65%
Whatcom
65%
Kitsap
62%
Thurston
62%
Clallam
61%
Lincoln
61%
Columbia
59%
Mason
56%
Skagit
55%
Asotin
54%
Cowlitz
54%
Whitman
54%
Okanogan
53%
Franklin
52%
Garfield
52%
Klickitat
52%
Skamania
52%
Kittitas
51%
Stevens
49%
Wahkiakum
48%
Douglas
47%
Chehalis
13%
No matching quizzes found
Score Distribution
Percent of People with Each Score
Percentile by Number Answered
Your Score History
You have not taken this quiz